00503nam a2200157 a 4500020001800000082001900018100002300037245004100060260003900101300000900140500003500149650003700184942000700221952010000228999001700328 a978158743156200a227.10609bGRE aGreeman, P Jeffrey aReading Romans Through the Centuries aGrand Rapids bBrazos Press c2005 a223p aincludes index and biblioraphy aBible-Criticism & Interpretation cBK 00104070aHMIbHMId2010-04-13g760.00l0o227.10609 GREp023269r2010-04-13w2026-01-16yBK c16479d16479